| 000 -LEADER |
| fixed length control field |
00706nam a22001937a 4500 |
| 005 - DATE AND TIME OF LATEST TRANSACTION |
| control field |
20231221105839.0 |
| 008 - FIXED-LENGTH DATA ELEMENTS--GENERAL INFORMATION |
| fixed length control field |
231221s2002 ru ||||| |||| 00| 0 rus d |
| 020 ## - INTERNATIONAL STANDARD BOOK NUMBER |
| International Standard Book Number |
5945380148 |
| 041 ## - LANGUAGE CODE |
| Language code of text/sound track or separate title |
rus |
| 080 ## - UNIVERSAL DECIMAL CLASSIFICATION NUMBER |
| Universal Decimal Classification number |
902(3) Г-17 |
| 100 ## - MAIN ENTRY--PERSONAL NAME |
| Personal name |
Гальперина, Г. А. |
| 9 (RLIN) |
20828 |
| 245 ## - TITLE STATEMENT |
| Title |
Популярная история археологии / |
| Statement of responsibility, etc. |
Г.А. Гальперина, Е.В. Доброва. |
| 264 ## - PRODUCTION, PUBLICATION, DISTRIBUTION, MANUFACTURE, AND COPYRIGHT NOTICE |
| Place of production, publication, distribution, manufacture |
М. : |
| Name of producer, publisher, distributor, manufacturer |
Вече, |
| Date of production, publication, distribution, manufacture, or copyright notice |
2002. |
| 300 ## - PHYSICAL DESCRIPTION |
| Extent |
512 с. : |
| Other physical details |
ил. ; |
| Dimensions |
21 см. |
| 653 ## - INDEX TERM--UNCONTROLLED |
| keyword |
არქეოლოგია |
| 653 ## - INDEX TERM--UNCONTROLLED |
| keyword |
არქეოლოგიის ისტორია |
| 700 ## - ADDED ENTRY--PERSONAL NAME |
| Personal name |
Доброва, Е. В. |
| Relator term |
ავტორი |
| 9 (RLIN) |
20829 |
| 942 ## - ADDED ENTRY ELEMENTS (KOHA) |
| Source of classification or shelving scheme |
|
| Koha item type |
წიგნი |